000 00861nam0a22002651 4500
001 rc\3023210
005 20250805160813.4
035 _a(NLR Aleph) 007165011
090 _a7287779
_c7287779
100 _a20110928d1944 |||y0rusy50 ca
101 0 _arus
102 _aRU
105 _aa z |||||
200 1 _aПодземные нефтехранилища
_fинж. Л.В. Миткин
210 _aМосква
_cГостоптехиздат
_d1944
_eЛенинград
_gтип. "Кр. печатник"
215 _a172 с.
_cил., черт.
_d22 см
320 _aБиблиогр.: с. 158-59
700 1 _aМиткин
_bЛ. В.
801 0 _aRU
_bNLR
_gpsbo
801 1 _aRU
_bELAR
_2rusmarc
852 _aNLR
_jТ26 Г-5/80
942 _cBOOK
945 _aРоссийская национальная библиотека
980 _aNB
980 _aBV